Contemporary Oral Medicine : (Record no. 33934)

MARC details
000 -LEADER
fixed length control field 00641nam a22001937a 4500
005 - DATE AND TIME OF LATEST TRANSACTION
control field 20240117180613.0
008 - FIXED-LENGTH DATA ELEMENTS--GENERAL INFORMATION
fixed length control field 231016b |||||||| |||| 00| 0 eng d
020 ## - INTERNATIONAL STANDARD BOOK NUMBER
ISBN 9783319723013(pbk) .
082 ## - DEWEY DECIMAL CLASSIFICATION NUMBER
Classification number 616.31
Item number FAR-C
100 ## - MAIN ENTRY--AUTHOR
Author Name Farah,Camile S
245 ## - TITLE STATEMENT
Title Contemporary Oral Medicine :
Remainder of title a comprehensive approach to clinical practice-3 /
Statement of responsibility, etc. Camile Farah S, Ramesh Balasuramaniam, Michael J.Mccullough.
260 ## - PUBLICATION, DISTRIBUTION, ETC.
Place of Publication Switzerland:
Name of publisher, distributor, etc. Springer,
Date of publication, distribution, etc. 2019.
300 ## - PHYSICAL DESCRIPTION
Pages 2406 p:
490 ## - SERIES STATEMENT
Volume Vol-3
500 ## - GENERAL NOTE
General note Illustration Given,Include Index.
650 ## - SUBJECT ADDED ENTRY--TOPICAL TERM
Subject / Department Dentistry/Medical
700 ## - ADDED ENTRY--PERSONAL NAME
Personal name Ramesh Balasuramaniam
300 ## - PHYSICAL DESCRIPTION
-- ill,
-- 27 cm.
952 ## - LOCATION AND ITEM INFORMATION (KOHA)
-- 0
-- 0
952 ## - LOCATION AND ITEM INFORMATION (KOHA)
-- 0
-- 0
952 ## - LOCATION AND ITEM INFORMATION (KOHA)
-- 0
-- 0
952 ## - LOCATION AND ITEM INFORMATION (KOHA)
-- 0
-- 0
952 ## - LOCATION AND ITEM INFORMATION (KOHA)
-- 0
-- 0
952 ## - LOCATION AND ITEM INFORMATION (KOHA)
-- 0
-- 0
Holdings
Lost status Damaged status Collection code Permanent Location Current Location Shelving Location Date acquired Full Call Number Accession No./Barcode Date last seen Copy number item type Koha item type
    Medical Superior Information Resource Center (SIRC) Superior University- Central Library Superior Information Resource Center (SIRC) Superior University- Central Library Dentistry 10/17/2023 616.31 FAR-C 2019 20876 10/17/2023 1 BOOK BOOK
    Medical Superior Information Resource Center (SIRC) Superior University- Central Library Superior Information Resource Center (SIRC) Superior University- Central Library Dentistry 10/17/2023 616.31 FAR-C 2019 20877 10/17/2023 3    
    Medical Superior Information Resource Center (SIRC) Superior University- Central Library Superior Information Resource Center (SIRC) Superior University- Central Library Dentistry 02/15/2024 616.31 FAR-C 2019 20875 12/02/2024 2 BOOK BOOK
    Medical Superior Information Resource Center (SIRC) Superior University- Central Library Superior Information Resource Center (SIRC) Superior University- Central Library Dentistry 10/30/2024 616.31 FAR-C 2019 29635 10/30/2024 4 BOOK BOOK
    Medical Superior Information Resource Center (SIRC) Superior University- Central Library Superior Information Resource Center (SIRC) Superior University- Central Library Dentistry 10/30/2024 616.31 FAR-C 2019 29636 10/30/2024 5 BOOK BOOK
    Medical Superior Information Resource Center (SIRC) Superior University- Central Library Superior Information Resource Center (SIRC) Superior University- Central Library Dentistry 10/30/2024 616.31 FAR-C 2019 29637 10/30/2024 6 BOOK BOOK

Powered by Koha